000 00482nam a2200181Ia 4500
003 GCL
008 140319s9999 xx 000 0 eng d
040 _aGCL /
_cGCL
082 0 4 _aCC
_b916.202
_bS E
100 1 _aSASSI, DINO
245 1 0 _aEGYPT: TEXT, PHOTOS AND DESIGN /
_cSASSI, DINO
260 _aايطاليا :
_bKINA ITALIA S.P.A ،
_c1989
300 _a25 CM ؛
_c119 P
650 0 4 _aEGYPT
650 0 4 _aEGYPT - GUIDE BOOKS
650 0 4 _aGUIDE BOOKS
942 _2ddc
_cBK
999 _c14908
_d14908